Language Quiz

Random Language Quiz
Score 0/100 Timer 08:00
0 Plays Today
Hint Word % Correct
Earth, wind, fire, waterelement
81.1%
It's in a saladlettuce
80.6%
The greatest game site everSporcle
80.6%
Leonardo, Donatello, Michelangelo, RaphaelTeenage Mutant Ninja Turtles
75.6%
The head of a groupleader
75%
The person you borrow money from lender
71.7%
A citrus fruitlemon
70.6%
Franklin Roosevelt's wifeEleanor
67.2%
Transparentclear
53.9%
Micheal Jackson songThriller
53.3%
To let gorelease
53.3%
A brand of chocolate milkNestle
51.7%
Sucks bloodleech
50.6%
Hint Word % Correct
Actor in Monty PythonJohn Cleese
39.4%
It's a shocking answerelectricity
26.1%
Said by Oliver Twist in orphanagePlease sir may I have some more
16.7%
A famous parady character from WOWLeroy Jenkins
13.9%
Mother of Michael, Gob, Buster (Lindsay)Lucille Bluth
11.7%
Enemy of Samus AranRidley
9.4%
TV series with Benjamin BrattThe Cleaner
8.3%
Secret character in the original Mortal KombatReptile
7.2%
Arkham Asylum psychiatrist Harley Quinn
5%
Barbara Gordon as a superheroOracle
4.4%
Mortal Kombat character that is a clone of Princess KitanaMileena
3.9%
Band that sings Rest of My LifeLess Than Jake
1.1%
Remove Ads.
Support Sporcle.
Get the best of Sporcle when you Go Orange. This ad-free experience offers more features, more stats, and more fun while also helping to support Sporcle. Thank you for becoming a member.

You're not logged in!

Compare scores with friends on all Sporcle quizzes.
OR
Log In

Show Comments

Extras

Created Sep 29, 2009ReportNominate

Top Quizzes Today


Score Distribution

Your Account Isn't Verified!

In order to create a playlist on Sporcle, you need to verify the email address you used during registration. Go to your Sporcle Settings to finish the process.

Report this User

Report this user for behavior that violates our Community Guidelines.

Details: